| 000 | 00370nam a2200145Ia 4500 | ||
|---|---|---|---|
| 005 | 20251222152036.0 | ||
| 008 | 251222s9999||||xx |||||||||||||| ||spa|| | ||
| 020 | _a9781935623205 | ||
| 082 | _a333.72/A41 | ||
| 100 | _aAlfonso, Alonso | ||
| 245 | 0 | _aMonitoreo de Biodiversidad: | |
| 250 | _a1ra ed. | ||
| 264 | _bSmithsonian Institution Scholarly Press | ||
| 942 | _cLIB | ||
| 999 |
_c25859 _d25859 |
||